| 000 | 00367nam a2200145 i 4500 | ||
|---|---|---|---|
| 001 | 76539 | ||
| 003 | ES-MaACL | ||
| 005 | 20230906172856.0 | ||
| 007 | t| | ||
| 008 | 041004q1920 sp ||||1| spa d | ||
| 245 | 0 | 0 |
_aGuía industrial _b: Bilbao 1920. |
| 260 |
_aMadrid : _b[s.n., _c1920?] ( _fImp. Alemana) |
||
| 300 |
_a188 p. ; _c28 cm. |
||
| 852 |
_aES-MaACL _jF-920 |
||
| 999 |
_c76539 _d76539 |
||